| 000 | 04895nam a22009495i 4500 | ||
|---|---|---|---|
| 005 | 20230718140311.0 | ||
| 006 | m|||||o||d|||||||| | ||
| 007 | cr || |||||||| | ||
| 008 | 221201t20202020gw fo d z ger d | ||
| 020 | _a9783839452004 | ||
| 040 |
_aDE-B1597 _beng _cDE-B1597 _erda |
||
| 041 | 0 | _ager | |
| 082 | 0 | 4 |
_87p _a800 _qDE-101 |
| 100 | 1 |
_aArlinghaus, Franz-Josef, _eauthor. _4aut _4http://id.loc.gov/vocabulary/relators/aut |
|
| 245 | 1 | 0 |
_aSich selbst vergleichen : _bZur Relationalität autobiographischen Schreibens vom 12. Jahrhundert bis zur Gegenwart / _cSimon Siemianowski, Lena Gumpert, Walter Erhart, Franz-Josef Arlinghaus. |
| 264 | 1 |
_aBielefeld : _btranscript Verlag, _c[2020] |
|
| 264 | 4 | _c©2020 | |
| 300 | _a1 online resource (300 p.) | ||
| 336 |
_atext _btxt _2rdacontent |
||
| 337 |
_acomputer _bc _2rdamedia |
||
| 338 |
_aonline resource _bcr _2rdacarrier |
||
| 347 |
_atext file _bPDF _2rda |
||
| 490 | 0 |
_aHistoire ; _v179 |
|
| 505 | 0 | 0 |
_tFrontmatter -- _tInhalt -- _tVorwort -- _tI. Ähnlich, Anders, Einzigartig -- _tII. Relationierungen -- _tIII. Ich und Hieronymus, Hieronymus und ich -- _tIV. Warum ich doch nicht anders bin -- _tV. »Jeder soll werden wie er.« -- _tVI. Warum ich mich anders schreibe -- _tNachwort -- _tRegister |
| 506 | 0 |
_funrestricted online access _2star |
|
| 520 | _aThe relational and comparative self in autobiographical writing. An interdisciplinary approach to its history and present. | ||
| 520 | _aWer das eigene Leben beschreibt, vergleicht sich mit anderen und mit sich selbst: Unter diesem Gesichtspunkt nehmen die vier Wissenschaftler*innen aus unterschiedlichen Disziplinen die Geschichte des autobiographischen Schreibens neu in den Blick. Leitend ist dabei die Erkenntnis, dass in Selbstbeschreibungen nicht ein vermeintlich autonomes Ich im Mittelpunkt steht, sondern ein stets in Beziehung stehendes relationales Selbst. Wie sich eine solche Individualität durch das Sich-Selbst-Vergleichen auf historisch jeweils unterschiedliche Weise herstellt, wird anhand von Autor*innen wie Petrus Abaelard, Guibert von Nogent, Jean-Jacques Rousseau, Johann Wolfgang von Goethe, Bertha von Suttner, Walter Benjamin und Roland Barthes analysiert. | ||
| 538 | _aMode of access: Internet via World Wide Web. | ||
| 540 |
_aThis eBook is made available Open Access under a CC BY 4.0 license: _uhttps://creativecommons.org/licenses/by/4.0 _uhttps://www.degruyter.com/dg/page/open-access-policy |
||
| 546 | _aIn German. | ||
| 588 | 0 | _aDescription based on online resource; title from PDF title page (publisher's Web site, viewed 01. Dez 2022) | |
| 650 | 0 |
_aAutobiography _xGerman authors. |
|
| 650 | 4 | _aAllgemeine Literaturwissenschaft. | |
| 650 | 4 | _aBertha Von Suttner. | |
| 650 | 4 | _aGeschichtswissenschaft. | |
| 650 | 4 | _aGuibert Von Nogent. | |
| 650 | 4 | _aIndividualität. | |
| 650 | 4 | _aJean-Jacques Rousseau. | |
| 650 | 4 | _aJohann Wolfgang Von Goethe. | |
| 650 | 4 | _aKulturgeschichte. | |
| 650 | 4 | _aKulturwissenschaft. | |
| 650 | 4 | _aLiteratur. | |
| 650 | 4 | _aLiteraturwissenschaft. | |
| 650 | 4 | _aMittelalter. | |
| 650 | 4 | _aPetrus Abaelard. | |
| 650 | 4 | _aRelationalität. | |
| 650 | 4 | _aRoland Barthes. | |
| 650 | 4 | _aSubjekt. | |
| 650 | 4 | _aVergleich. | |
| 650 | 4 | _aVormoderne. | |
| 650 | 4 | _aWalter Benjamin. | |
| 650 | 7 |
_aHISTORY / Social History. _2bisacsh |
|
| 653 | _aBertha Von Suttner. | ||
| 653 | _aComparison. | ||
| 653 | _aCultural History. | ||
| 653 | _aCultural Studies. | ||
| 653 | _aEarly Modern Period. | ||
| 653 | _aGuibert Von Nogent. | ||
| 653 | _aHistory. | ||
| 653 | _aIndividuality. | ||
| 653 | _aJean-jacques Rousseau. | ||
| 653 | _aJohann Wolfgang Von Goethe. | ||
| 653 | _aLiterary Studies. | ||
| 653 | _aLiterature. | ||
| 653 | _aMiddle Age. | ||
| 653 | _aPetrus Abaelard. | ||
| 653 | _aRelationality. | ||
| 653 | _aRoland Barthes. | ||
| 653 | _aSubject. | ||
| 653 | _aWalter Benjamin. | ||
| 700 | 1 |
_aArlinghaus, Franz-Josef, _econtributor. _4ctb _4https://id.loc.gov/vocabulary/relators/ctb |
|
| 700 | 1 |
_aErhart, Walter, _eauthor. _4aut _4http://id.loc.gov/vocabulary/relators/aut |
|
| 700 | 1 |
_aErhart, Walter, _econtributor. _4ctb _4https://id.loc.gov/vocabulary/relators/ctb |
|
| 700 | 1 |
_aGumpert, Lena, _eauthor. _4aut _4http://id.loc.gov/vocabulary/relators/aut |
|
| 700 | 1 |
_aGumpert, Lena, _econtributor. _4ctb _4https://id.loc.gov/vocabulary/relators/ctb |
|
| 700 | 1 |
_aSiemianowski, Simon, _econtributor. _4ctb _4https://id.loc.gov/vocabulary/relators/ctb |
|
| 776 | 0 |
_cprint _z9783837652000 |
|
| 856 | 4 | 0 |
_uhttps://doi.org/10.1515/9783839452004?locatt=mode:legacy _zOpen Access _70 |
| 856 | 4 | 0 |
_uhttps://www.degruyter.com/isbn/9783839452004 _zOpen Access _70 |
| 856 | 4 | 2 |
_3Cover _uhttps://www.degruyter.com/document/cover/isbn/9783839452004/original |
| 942 | _cE-BOOK | ||
| 999 |
_c70242 _d70241 |
||